000 00535nam a2200145 a 4500
008 120416s1998 ||||||||||||||||| || u
020 _a0137498470
050 _aQA 76.9.S88 Gri
100 _aGriffins, Gary
245 1 4 _aThe essence of structured system analysis techniques
260 _aLondon
_bFT Prentice-Hall
_c1998
300 _axi, 237p. : ill.
350 _a0.00
995 _D0.00
_FCBU-MAIN LIBRARY (Kitwe)
_H1
_I17.50
_M1
_UAVAILABLE
_ZMain Library Open Access Collection
999 _c42373
_d42373